Literatura de „frontieră“ a lui Gib I. Mihăescu (romanul Rusoaica) În drum spre Chişinău
Prístup k téme „pohraničnej“ literatúry ako k subžánru epického žánru (románu) týkajúceho sa geografických, politických a kultúrnych hraníc krajín. Imaginárne a ľudské hľadisko (na individuálnej aj kolektívnej úrovni) v rámci analýzy knihy Ruska (originál Rusoaica, „ruské dievča“) od rumunského spis...
Guardado en:
| Autor principal: | |
|---|---|
| Formato: | Capítulo de libro |
| Lenguaje: | rumano |
| Materias: | |
| Etiquetas: |
Sin Etiquetas, Sea el primero en etiquetar este registro!
|
MARC
| LEADER | 00000naa$a2200000$$$4500 | ||
|---|---|---|---|
| 001 | 0268181 | ||
| 005 | 20240502083802.9 | ||
| 041 | 0 | |a rum | |
| 044 | |a MD | ||
| 245 | 1 | 0 | |a Literatura de „frontieră“ a lui Gib I. Mihăescu (romanul Rusoaica) |b În drum spre Chişinău |c Vasile Spiridon |
| 520 | |a Prístup k téme „pohraničnej“ literatúry ako k subžánru epického žánru (románu) týkajúceho sa geografických, politických a kultúrnych hraníc krajín. Imaginárne a ľudské hľadisko (na individuálnej aj kolektívnej úrovni) v rámci analýzy knihy Ruska (originál Rusoaica, „ruské dievča“) od rumunského spisovateľa Giba I. Mihăesca. Perspektíva skutočnosti, že v tomto románe sa oblasť poriečia Dnester považuje za geopolitickú hranicu, ktorá tragicky oddeľuje dve krajiny s rôznymi historickými režimami. | ||
| 610 | 2 | 0 | |a literatúra |
| 610 | 2 | 0 | |a hranice štátne |
| 610 | 2 | 0 | |a kapitalizmus |
| 610 | 2 | 0 | |a komunizmus |
| 610 | 2 | 0 | |a revolúcia socialistická |
| 610 | 2 | 0 | |a Moldavsko |
| 610 | 2 | 0 | |a Rumunsko |
| 610 | 2 | 0 | |a ZSSR |
| 610 | 2 | 0 | |a Ukrajina |
| 100 | 1 | |a Spiridon, Vasile, 1958- | |